000 nam a22 a 4500
999 _c125003
_d125003
003 BLK
005 20211223100041.0
008 180409b bul|||||r ||||||| ||bul||
010 _aKNG00130672000
040 _aBLK
041 _aBUL
_cBUL
080 _aБългарска литература
_b821.163.2
_x-32
_z821.163.2-32
100 1 _aБарух, Арманд Сабат
_eпърви автор
_9301770
139 _aБарух, Арманд Сабат
_bБ 27
245 1 0 _aРазкази
_cАрманд Сабат Барух
257 _aBGR
260 _aСофия
_bНар. култура
_c1961
300 _a288 с.
_c22 см
_b1 л. портр.
380 _aX
852 _aЦб 20463
856 4 _qpdf
856 4 _qpdf
942 _cKNG
_n0
_s1
944 _aCR
_c17.05.2012
_l17.05.2012 - от С1,Р / 17.05.2012
_kНаталия_Медовщикова
944 _aED
_c2021-12-23
_l2021-12-23
_kК.Д.